Joint Parliamentary Memorandum Submitted by: The Minster for Finance Ken Ofori-Atta and Minister for Food and Agriculture Hon. Dr. Owusu Afriyie Akoto on the Agreement between The Republic of Ghana and The African Development Fund(ADF) for a Loan of UA20.0 Million and Tax Exemption Amounting to the Ghana Cedi Equivalent to us (Record no. 1869)

MARC details
000 -LEADER
fixed length control field 01073nam a2200145Ia 4500
008 - FIXED-LENGTH DATA ELEMENTS--GENERAL INFORMATION
fixed length control field 240429s9999||||xx |||||||||||||| ||und||
041 ## - LANGUAGE CODE
Language code of text/sound track or separate title eng
082 ## - DEWEY DECIMAL CLASSIFICATION NUMBER
Classification number PM/ADF/19
100 ## - MAIN ENTRY--PERSONAL NAME
Personal name Parliament of Ghana
245 #0 - TITLE STATEMENT
Title Joint Parliamentary Memorandum Submitted by: The Minster for Finance Ken Ofori-Atta and Minister for Food and Agriculture Hon. Dr. Owusu Afriyie Akoto on the Agreement between The Republic of Ghana and The African Development Fund(ADF) for a Loan of UA20.0 Million and Tax Exemption Amounting to the Ghana Cedi Equivalent to us
-- 70,422.00 to Finance The Savannah Investment Programme(SIP).
300 ## - PHYSICAL DESCRIPTION
Extent 10P;Tab
650 ## - SUBJECT ADDED ENTRY--TOPICAL TERM
Topical term or geographic name entry element Joint Parliamentary Memorandum Submitted by: The Minster for Finance Ken Ofori-Atta and Minister - for Food and Agriculture Hon. Dr. Owusu Afriyie Akoto on the Agreement between The Republic of Ghana - and The African Development Fund(ADF) for a Loan of UA20.0 Million and - Tax Exemption Amounting to the Ghana Cedi Equivalent to us
9 (RLIN) 70,422.00 - to Finance The Savannah Investment Programme(SIP).
942 ## - ADDED ENTRY ELEMENTS (KOHA)
Koha item type Memorandum
Holdings
Withdrawn status Lost status Damaged status Not for loan Home library Current library Shelving location Date acquired Total checkouts Full call number Date last seen Copy number Price effective from Koha item type
        Main Library Main Library Open Shelves 30/11/2022   PM/ADF/19 3835 29/04/2024 1 29/04/2024 Memorandum
©2026  Parliament of Ghana Library - All rights reserved